| 000 | 00393nam a2200157Ia 4500 | ||
|---|---|---|---|
| 008 | 230917s9999||||xx |||||||||||||| ||und|| | ||
| 020 | _cRS9.5 | ||
| 040 |
_e189325 _aMAIN |
||
| 041 | _aEnglish | ||
| 082 | _a822.33 S15R:S | ||
| 100 | _aRidler, Anne | ||
| 245 | 0 | _aShakespeare criticism 1919-1935 | |
| 260 |
_aLondon _bOxford University Press _c1964 |
||
| 300 | _axiv, 401 p. | ||
| 942 | _cBK | ||
| 999 |
_c144104 _d144104 |
||